Κλασσικές Γλώσσες της Ινδίας - Statistics

General Stats
  • This quiz has been taken 3 times
  • The average score is 1 of 6
Answer Stats
Αναγνώριση Γλώσσα % Correct
2004 Ταμίλ
67%
2005 Σανσκριτικά
33%
2008 Τελούγκου
33%
2008 Κανάντα
0%
2013 Μαλαγιαλάμ
0%
2014 Ορίγια
0%
No matching quizzes found
Score Distribution
Percent of People with Each Score
Percentile by Number Answered
Your Score History
You have not taken this quiz